| 000 | 00632aam a2200241 4500 | ||
|---|---|---|---|
| 005 | 20231101110757.0 | ||
| 008 | 150420b2008 xxu||||| |||| 00| 0 spa d | ||
| 020 | _a9789977311425 | ||
| 041 | _aESP | ||
| 082 | _a342.972.86 C8374c | ||
| 100 | _aCosta Rica, Leyes, decretos, etc. | ||
| 245 | _aConstitución política de la República de Costa Rica | ||
| 260 | _aCosta Rica | ||
| 260 | _bEditorial Juricentro | ||
| 260 | _c2008 | ||
| 264 | _c2008 | ||
| 300 | _a500 páginas | ||
| 650 | _aCOSTA RICA | ||
| 650 | _aCONSTITUCIÓN | ||
| 650 | _aDERECHO CONSTITUCIONAL | ||
| 650 | _aLEGISLACIÓN | ||
| 942 |
_cBK _2ddc |
||
| 999 |
_c4796 _d4796 |
||